Представление документа в формате MARC21

Поле Инд. ПП Название Значение
Тип записи a
Библиографический уровень m
001 Контрольный номер 93df4a0f-6f07-11db-b02a-008048b56a28
005 Дата корректировки 20140703151312.2
008 Кодируемые данные 061108
020 a ISBN 5-9624-0043-7
c Цена, тираж 40.00
040 a Служба первич. каталог. НБ ТвГУ
041 a Код языка текста rus
080 a Индекс УДК 519.876(075.8)
084 a Индекс другой классификации/Индекс ББК З817я73-1
090 x Авторский знак К24
a Полочн. индекс З817
100 1_ a Автор Карнаухова Вера Константиновна
245 10 a Заглавие Системный анализ
b Продолж. заглавия учеб. пособие
c Ответственность В. К. Карнаухов, В. Н. Сенаторов, Т. И. Сидоровская
260 0_ a Место издания Иркутск
b Издательство Иркутский гос. ун-т
c Дата издания 2005
300 a Объем 93 с.
504 a Библиография Библиогр.: с. 93.
583 a Действие Получение впервые 430 08.11.2006
k Исполнитель действия Обмен
650 a Основная рубрика Системный анализ
x Основная подрубрика Учебники для вузов
653 a Ключевые слова Системный анализ
700 1_ a Другие авторы Сенаторов Владимир Николаевич
e Роль лиц авт.
700 1_ a Другие авторы Сидоровская Татьяна Ильинична
e Роль лиц авт.
852 t Порядковый номер экземпляра 1
p Инвентарный номер 857818
888 a Беплатные
930 a Новая/Ретро учебники
952 p 430.2006 40.00 1 857818
c Вид литературы К ру
954 a Дата поступления на обработку 20061212
999 a Подразделение 2 ч.з.